Diversidad de Melolonthinae, Rutelinae y Dynastinae (Coleptera: Melolonthidae) en el paisa rural del cañón del río Barbas y la Reserva Forestal de Bremen departamentos Quindío y Risaralda (Registro nro. 4619)

Detalles MARC
000 -CABECERA
Campo de control 00649nam a2200181 a 4500
005 - FECHA Y HORA DE LA ULTIMA TRANSACCION
Campo de control 20140317093826.0
008 - ELEMENTOS DE LONGITUD FIJA—INFORMACION GENERAL
Campo de control 140317b2005 ck ||||| |||| 00| 0 spa d
041 ## - IDIOMA
Código de idioma para texto/pista de sonido o título separado Español
044 ## - PAÍS DE PUBLICACIÓN
País de publicación Colombia
090 ## - CLASIFICACIÓN LOCAL
Colección LB
Consecutivo 04154
100 ## - ASIENTO PRINCIPAL--NOMBRE PERSONAL
Nombre personal Ramírez Delgado, Diana Michelle
245 ## - MENCION DE TITULO
Título Diversidad de Melolonthinae, Rutelinae y Dynastinae (Coleptera: Melolonthidae) en el paisa rural del cañón del río Barbas y la Reserva Forestal de Bremen departamentos Quindío y Risaralda
260 ## - PUBLICACION, DISTRIBUCION, ETC. (PIE DE IMPRENTA)
Lugar de publicación, distribución, etc. Armenia
Nombre del editor, distribuidor, etc. Universidad del Quindío
Fecha de publicación, distribución, etc. 2005
300 ## - DESCRIPCION FISICA
Extensión 147 p.
700 ## - ASIENTO SECUNDARIO - NOMBRE PERSONAL
Nombre personal Upegui Vélez, Carmen Andrea
942 ## - ELEMENTOS ADICIONALES (KOHA)
Tipo de ítem Impreso
Sistema de clasificación Local
945 ## - PROCESAMIENTO LOCAL
AAAA-MM-DD - Fecha de ingreso o modificacion 2005-06-27
Existencias
Withdrawn status Lost status Sistema de Clasificación Damaged status No para préstamo Colección Inventariado Ubicación Permanente Ubicación actual Fecha de adquisición Fuente de Valor Total Checkouts Número topográfico Inventario / Código de Barras Date last seen Ejemplar Price effective from Forma de adquisición Tipo de material
    Local     Entomología Inventariado 2017 Villa de Leyva Villa de Leyva 27/06/2005 Iberlibro   LB-04154 019230 04/12/2012 Ej. 1 04/12/2012   Libro